Bankový sektor Slovenskej republiky

Pokračovanie z č.8/2001. Problémy bankovníctva na Slovensku od roku 1993. Kapitálová primeranosť. Nedostatok dlhodobých finančných zdrojov. Existencia tzv. zlých úverov. Pokračovanie v č.10/2001.

Uložené v:
Podrobná bibliografia
Hlavný autor: Tkáčová, Daniela, 1954-
Médium: Kapitola
Jazyk:Slovak
English
Predmet:
Tagy: Pridať tag
Žiadne tagy, Buďte prvý, kto otaguje tento záznam!

MARC

LEADER 00000naa a2200000 4500
001 r042842
005 20220606112449.5
041 0 |a slo 
041 0 |a eng 
044 |a SK 
245 1 0 |a Bankový sektor Slovenskej republiky  |c Dana Tkáčová 
520 |a Pokračovanie z č.8/2001. Problémy bankovníctva na Slovensku od roku 1993. Kapitálová primeranosť. Nedostatok dlhodobých finančných zdrojov. Existencia tzv. zlých úverov. Pokračovanie v č.10/2001. 
610 2 0 |a bankovníctvo 
610 2 0 |a sústava banková 
610 2 0 |a reštrukturalizácia 
610 2 0 |a privatizácia 
610 2 0 |a Slovensko 
610 2 0 |a primeranosť kapitálová 
610 2 0 |a zdroje finančné 
610 2 0 |a 1993-2000 
610 2 0 |a úver bankový 
100 1 |a Tkáčová, Daniela, 1954-